Normal view MARC view
  • M. Junaid Al-Hashimi

Entry Personal Name

Number of records used in: 1

001 - CONTROL NUMBER

  • control field: 2580

003 - CONTROL NUMBER IDENTIFIER

  • control field: OSt

005 - DATE AND TIME OF LATEST TRANSACTION

  • control field: 20170509093541.0

008 - FIXED-LENGTH DATA ELEMENTS

  • fixed length control field: 170509|| aca||aabn | a|a d

040 ## - CATALOGING SOURCE

  • Original cataloging agency: OSt
  • Transcribing agency: OSt

100 ## - HEADING--PERSONAL NAME

  • Personal name: M. Junaid Al-Hashimi

670 ## - SOURCE DATA FOUND

  • Source citation: Work cat.: (OSt)0: Qaradawi, Yusuf, 1926- 1753, Keutamaan ilmu dan kemuliaan para ulama :, 1996
Pusat Sumber Maklumat Dato' Haji Sarmin Md Hussin, Akademi Kastam Diraja Malaysia, Melaka
Tel: 06-2331106 | Faks: 06-2313787